Gaming Quiz

Random Gaming or Board Games Quiz

PopCap Games Quiz Stats

 Plays Quiz not verified by Sporcle

Also try: Halo Trilogy Maps
Challenge
Share
Tweet
Embed
Score 0/50 Timer 10:00
0 Plays Today
Game % Correct
Bejeweled
82.1%
Bejeweled Twist
82.1%
Bejeweled 2
82.1%
Bejeweled Blitz
82.1%
Bookworm
60.7%
Bookworm Adventures
60.7%
Bookworm Adventures: Volume 2
60.7%
Plants vs Zombies
58.9%
Peggle
57.1%
Peggle Nights
57.1%
Zuma
50%
Zuma's Revenge!
50%
Chuzzle
46.4%
Alchemy
39.3%
Insaniquarium
32.1%
AstroPop
26.8%
Dynomite
23.2%
Big Money
21.4%
Amazing Adventures Around the World
19.6%
Amazing Adventures The Caribbean Secret
19.6%
Amazing Adventures The Lost Tomb
19.6%
Feeding Frenzy
19.6%
Feeding Frenzy 2
19.6%
Heavy Weapon
19.6%
Mystery P.I - Lost in Los Angeles
19.6%
Game % Correct
Mystery P.I - New York Fortune
19.6%
Mystery P.I - Stolen in San Francisco
19.6%
Mystery P.I - The London Caper
19.6%
Mystery P.I - The Lottery Ticket
19.6%
Mystery P.I - The Vegas Heist
19.6%
Bonnie's Bookstore
16.1%
Escape Rosecliff Island
14.3%
Escape Whisper Valley
14.3%
Hammer Heads
14.3%
Mahjong Escape: Ancient China
12.5%
Mahjong Escape: Ancient Japan
12.5%
Rocket Mania
12.5%
Waterbugs
12.5%
Talismania
10.7%
Venice
10.7%
Cosmic Bugs
8.9%
Iggle Pop
8.9%
Pixelus
8.9%
Typer Shark
8.9%
Banana Bugs
7.1%
Pizza Frenzy
7.1%
The Wizard's Pen
7.1%
Hidden Identity - Chicago Blackout
5.4%
Mystery Solitaire
5.4%
Word Harmony
5.4%

You're not logged in!

Compare scores with friends on all Sporcle quizzes.
OR
Log In

You Might Also Like...

Show Comments

Extras

Top Quizzes Today


Score Distribution

Your Account Isn't Verified!

In order to create a playlist on Sporcle, you need to verify the email address you used during registration. Go to your Sporcle Settings to finish the process.

Report this User

Report this user for behavior that violates our Community Guidelines.

Details: